000 01376cam a2200337 a 4500
001 2908767
003 NUST - PNEC
005 20170116181133.0
008 880113s1988 nyua b 001 0 eng
010 _a 88000367
020 _a0029142113
040 _aDLC
_cLIBRARY
_dDLC
043 _an-us---
050 0 0 _aHD9725
_b.H38 1988
082 0 0 _a658.5 ERI
_219
100 1 _aHayes, Robert H.
245 1 0 _aDynamic manufacturing :
_bcreating the learning organization /
_cRobert H. Hayes, Steven C. Wheelwright, Kim B. Clark.
260 _aNew York :
_bFree Press ;
_aLondon :
_bCollier Macmillan,
_cc1988.
300 _ax, 429 p. :
_bill. ;
_c25 cm.
500 _aIncludes index.
504 _aBibliography: p. 401-409.
650 0 _aManufacturing industries
_zUnited States
_xManagement information system
700 1 _aWheelwright, Steven C.,
_d1943-
700 1 _aClark, Kim B.
856 4 2 _3Publisher description
_uhttp://www.loc.gov/catdir/description/simon032/88000367.html
856 4 1 _3Table of contents only
_uhttp://www.loc.gov/catdir/enhancements/fy0707/88000367-t.html
856 4 2 _3Contributor biographical information
_uhttp://www.loc.gov/catdir/enhancements/fy0707/88000367-b.html
856 4 1 _3Sample text
_uhttp://www.loc.gov/catdir/enhancements/fy0707/88000367-s.html
906 _a7
_bcbc
_corignew
_d1
_eocip
_f19
_gy-gencatlg
942 _2ddc
_cBK
999 _c70059
_d70059